000 00705nam a2200217Ia 4500
999 _c36193
_d36193
001 2096
003 GE_BSU
005 20190506144517.0
008 181216s2000||||ge |||||||||||||| ||geo||
020 _a999284456
040 _cGE_BSU
041 _ageo
080 _a37.01(075.8) გ–58
100 _aგობრონიძე, ალექსანდრე
_9794
245 _aპედაგოგიკა /
_bდამხმარე სახელმძღვანელო.
250 _aმე–2 გამოცემა
264 _aბათუმი :
_bაჭარა,
_c2000.
300 _a320 გვ.
_b20 სმ.
653 _aპედაგოგიკა
942 _cBK
_2udc